000 00383cam a2200145ua 4500
003 OSt
008 241223b |||||||| |||| 00| 0 eng d
041 _aeng
082 _a621.3133
_bKEM/AL
100 _aKemp, Philip.
_96561
245 _aAlternating current Electrical engineering /
260 _aLondon :
_bMacMillan and Company Limited ,
_c1958.
300 _a732 ; .
942 _cBK
999 _c8771
_d8771